1975 1967 1979 1850 1451 1912 1252 1362 1923 1075 1143 1365 1515 1346 1417 1016 1802 1164 1399 1942 1505 1125 1623 1046 1383 1113 1341 1162 1605 1040 1211 1414 1040 1794 1593 1289 1589 1855 1902 1758 1022 1813 1350 1220 1483 1978 1318 1708 1971 1799 1236 1661 1503 1037 1417 1690 1667 1804 1477 1972 1285 1654 1341 1962 1862 1875 1849 1923 1051 1756 1756 1908 1947 1440 1735 1383 1361 1623 1398 1012 1345 1357 1423 1545 1240 1944 1745 1419 1563 1115 1270 1317 1536 1332 1525 1193 1232 1063 1831 BCNSPRNW ULIB Ver.6.0+V

เปลี่ยนเป็นภาษาไทย

Change to English
 แสดงรายละเอียดบรรณานุกรม
  กลับหน้าหลัก

Brief Record : Get Marc (ISO 2709) : E-mail record : QR code < ปิดหน้าต่าง
LEADER : 00000nam 2200000uu 4500
001    13399124341
003     ULIB
008    150511s2556||||th 000 0 tha d
020    ^a9786167073804
050 04 ^aPL4185^bพ12ร
110 1  ^aราชบัณฑิตยสถาน
245 00 ^aพจนานุกรมฉบับราชบัณฑิตยสถาน พ.ศ. 2554 :^bเฉลิมพระเกียรติพระบาทสมเด็จพระเจ้าอยู่หัวเนื่องในโอกาสพระราชพิธีมหามงคลเฉลิมพระชนมพรรษา 7 รอบ 5 ธันวาคม 2554 /^cราชบัณฑิตยสถาน
250    ^aพิมพ์ครั้งที่ 2
260    ^aกรุงเทพฯ :^bราชบัณฑิตยสถาน,^c2556
300    ^aก-ฝ, 1484 หน้า :^bภาพประกอบ (สี และขาวดำ) ; 26 ซม
500 เฉ ^aลิมพระเกียรติพระบาทสมเด็จพระเจ้าอยู่หัวเนื่องในโอกาสพระราชพิธีมหามงคลเฉลิมพระชนมพรรษา 7 รอบ 5 ธันวาคม 2554
650 2  ^aThai Language^xDictionaries
650  7 ^aภาษาไทย^xพจนานุกรม
945    ^p750^l0^i039382
945    ^p750^l0^i039383
999    ^aเกษร โพธิ์สุวรรณ
รายการนี้ยังไม่มีแท็ก
คุณยังไม่ได้ล็อกอิน คุณสามารถมีกิจกรรมร่วมกับเว็บไซต์ได้ แต่ต้องล็อกอินก่อน ::
  ล็อกอิน

รายการสื่อสารสนเทศ

ลำดับที่ ประเภท เลขเรียก/บาร์โค้ด สถานที่ สถานะ
1. การศึกษาทั่วไป
หนังสือสำรอง
สถานะ=หนังสือสำรอง
PL4185 พ12ร ฉ.1 
  Barcode: 039382
ห้องสมุดวิทยาเขตนครสวรรค์
►หนังสือทั่วไป:l:General Books
บนชั้น
2. การศึกษาทั่วไป
การศึกษาทั่วไป
PL4185 พ12ร ฉ.2 
  Barcode: 039383
ห้องสมุดวิทยาเขตนครสวรรค์
►หนังสือทั่วไป:l:General Books
บนชั้น

BibComment


ยังไม่เคยถูกคอมเมนท์

คอมเมนท์ทรัพยากรรายการนี้
  คอมเมนท์: พจนานุกรมฉบับราช..


 Copyright 2026. Bcnsprnw @Library